MIASTA ŚWIATA - Statystyki

Ogólne statystyki
  • Ten quiz został rozwiązany 66 razy
  • Średni wynik to 76 z 232
Statystyki odpowiedzi
kraj miasto % Poprawnych
Polska Warszawa
92%
Wlochy Rzym
90%
Polska Kraków
87%
Hiszpania Barcelona
79%
NIemcy Berlin
79%
Wielka Brytania Londyn
79%
Hiszpania Madryt
77%
Polska Poznań
77%
Włochy Mediolan
75%
Rosja Moskwa
75%
Czechy Praga
75%
Polska Wroclaw
75%
Chorwacja Zagrzeb
75%
USA Nowy jork
71%
Norwegia Oslo
71%
Dania Kopenhaga
69%
Polska Łódz
69%
Włochy Neapol
69%
Francja Paryż
69%
Szwecja Sztokholm
69%
USA Waszyngton
69%
Grecja Ateny
67%
Węgry Budapeszt
67%
Słowacja Bratysława
65%
Belgia Bruksela
65%
Ukraina Kijów
65%
Portugalia Lizbona
65%
Austria Wiedeń
65%
Holandia Amsterdam
63%
Finlandia Helsinki
63%
Niemcy Monachium
63%
Australia Sydney
63%
Włochy Turyn
63%
Litwa Wilno
63%
Rumunia Bukareszt
62%
Chiny Pekin
62%
Bułgaria Sofia
62%
Wielka Brytania Manchester
60%
Serbia Belgrad
58%
Luksemburg Luksemburg
58%
Łotwa Ryga
58%
Szwajcaria Berno
56%
Egipt Kair
56%
USA Los Angeles
56%
Kanada Ottawa
56%
Rosja Petersburg
56%
Portugalia Porto
56%
Albania Tirana
56%
Japonia Tokio
56%
Turcja Ankara
54%
Mołdawia Kiszyniów
54%
Meksyk Meksyk
54%
Brazylia Brasilia
52%
Niemcy Dortmund
52%
Wielka Brytania Liverpool
52%
Bośnia i Hercegowina Sarajewo
52%
NIemcy Hamburg
50%
Brazylia Rio de Janeiro
50%
Włochy Wenecja
50%
Australia Canberra
48%
USA Chicago
48%
Ukraina Lwów
48%
Macedonia Płn. Skopje
48%
Estonia Talin
48%
Liechtenstein Vaduz
48%
Argentyna Buenos Aires
46%
Irlandia Dublin
46%
Francja Marsylia
46%
Kosowo Prisztina
46%
Niemcy Frankfurt
44%
USA Las Vegas
44%
Holandia Rotterdam
44%
Grecja Saloniki
44%
Korea Płd Seul
44%
Hiszpana Sewilla
44%
Turcja Stambuł
44%
Francja Lyon
42%
Szwajcaria Zurych
42%
Kolumbia Bogota
40%
Czechy Brno
40%
Ukraina Donieck
40%
Włochy Florencja
40%
Włochy Palermo
40%
USA San Francisco
40%
Kanada Toronto
40%
Holandia Haga
38%
Islandia Reykjavik
38%
Szwajcaria Genewa
37%
Peru Lima
37%
Czarnogóra Podgorica
37%
Chorwacja Split
37%
Chiny Szanghaj
37%
Hiszpania Walencja
37%
Wielka Brytania Birmingham
35%
Ukraina Charków
35%
Indie Delhi
35%
Litwa Kowno
35%
Maroko Rabat
35%
Włochy Genua
33%
Brazylia Sao Paulo
33%
Belgia Antwerpia
31%
Tajlandia Bangkok
31%
Wielka Brytania Edynburg
31%
Wielka Brytania Glasgow
31%
Panama Panama
31%
Chile Santiago
31%
Niemcy Brema
29%
Niemcy Drezno
29%
Kuba Hawana
29%
Wietnam Ho Chi Minh
29%
Chiny(oddzielny region) Hong Kong
29%
Szwecja Malmo
29%
Singapur Singapur
29%
Włochy Bolonia
27%
Syria Damaszek
27%
Australia Melbourne
27%
Francja Nicea
27%
Włochy Werona
27%
Hiszpania Bilbao
25%
Słowacja Koszyce
25%
Niemcy Lipsk
25%
Ukraina Odessa
25%
Czechy Ostrawa
25%
Szwecja Goteborg
23%
Austria Innsbruck
23%
Boliwia La Paz
23%
Urugwaj Montevideo
23%
Serbia Nowy Sad
23%
Japonia Osaka
23%
Austria Salzburg
23%
Niemcy Stuttgart
23%
Indie Bombaj
21%
Francja Bordeaux
21%
Wenezuela Caracas
21%
Wietnam Hanoi
21%
Rosja Kazań
21%
Francja Lille
21%
Kanada Vancouver
21%
Egipt Aleksandria
19%
Wielka Brytania Leeds
19%
Filipiny Manila
19%
Kostaryka San Jose
19%
Tajwan Tajpej
19%
Chorwacja Zadar
19%
Paragwaj Asuncion
17%
Norwegia Bergen
17%
Indonezja Dżakarta
17%
Austria Graz
17%
Gwatemala Gwatemala
17%
Chiny Kanton
17%
Austria Linz
17%
Arabia Saudyjska Rijad
17%
Norwegia Trondheim
17%
Bułgaria Warna
17%
Szwajcaria Bazylea
15%
Maroko Casablanca
15%
Meksyk Guadalajara
15%
Litwa Kłajpeda
15%
Niemcy Koln
15%
Malezja Kuala Lumpur
15%
Słowenia Maribor
15%
Arabia Saudyjska Mekka
15%
Kanada Montreal
15%
Niemcy Norymberga
15%
Czechy Pilzno
15%
Rosja Wołgograd
15%
Gujana George Town
13%
Turcja Izmir
13%
Indie Kalkuta
13%
Rumunia Kluż Napoka
13%
Brazylia Manaus
13%
Kanada Quebec City
13%
Finlandia Turku
13%
Kolumbia Cali
12%
Belgia Gandawa
12%
Brazylia Kurytyba
12%
Czechy Liberec
12%
Słowenia Lubljana
12%
Maroko Marrakesz
12%
Rosja Niżny Nowogród
12%
Chorwacja Rijeka
12%
Finlandia Tampere
12%
Kanada Calgary
10%
Kanada Edmonton
10%
Japonia Hiroszima
10%
Nikaragua Managua
10%
Meksyk Monterrey
10%
Surinam Paramaribo
10%
Bułgaria Płowdiw
10%
Trynidad i Tobago Port of Spain
10%
Rumunia Timisoara
10%
Hiszpania Zaragoza
10%
USA Austin
8%
Brazylia Belo Horizonte
8%
Turcja Bursa
8%
Maroko Fez
8%
Rosja Jekaterynburg
8%
Szwajcaria Lozanna
8%
Chorwacja Osijek
8%
Rosja Perm
8%
Brazylia Salwador
8%
Syria Aleppo
6%
Belgia Brugge
6%
Włochy Cagliari
6%
Brazylia Fortaleza
6%
Rumunia Jassy
6%
Rosja Krasnodar
6%
Japonia Nagoja
6%
USA Orlando
6%
Kambodża Phnom Penh
6%
Korea Płn Pjong Czang
6%
Rosja Rostów nad Donem
6%
Brazylia Belem
4%
Arabia Saudyjska Dżedda
4%
Grecja Patras
4%
Bhutan Thimphu
4%
Indonezja Bandung
2%
Indie Bengalur
2%
Indie Hajdarabad
2%
USA Indianapolis
2%
Indonezja Palembang
2%
Serbia Subotica
2%
Indonezja Surabaja
2%
Niemcy Wolsburg
2%
Ukraina Dnieprietowsk
0%
USA Kanzas City
0%
Japonia Kumamoto
0%
Francja Montepellier
0%
Argentyna Rozario
0%
Nie znaleziono quizów pasujących do podanych kryteriów
Rozkład punktacji
Procent ludzi z każdym wynikiem
Percentyl według liczby udzielonych odpowiedzi
Twoja historia wyników
Nie rozwiązałeś tego quizu